Score 0/20 Timer 03:00
2 Plays Today
City Missing Word % Correct
Salt ____ CityLake
98.5%
_____ RougeBaton
93.6%
Des ______Moines
92.7%
Little ____Rock
90.6%
Ann _____Arbor
88.6%
______ ChristiCorpus
86.6%
Bowling _____Green
84.1%
Boca _____Raton
77.7%
Colorado _____Springs
72.9%
Hilton ____ IslandHead
72.9%
City Missing Word % Correct
Green ___Bay
70%
_____ VegasLas
65.1%
_____ BendSouth
64.2%
Broken _____Arrow
60.3%
_____ HauteTerre
60.1%
______ HillChapel
59.9%
Newport ____News
57.2%
_____ PlainsWhite
56.6%
Chula _____Vista
54.9%
Eau ______Claire
48.2%

Today's Daily Dose

Remove Ads.
Support Sporcle.
Get the best of Sporcle when you Go Orange. This ad-free experience offers more features, more stats, and more fun while also helping to support Sporcle. Thank you for becoming a member.

You're not logged in!

Compare scores with friends on all Sporcle quizzes.
OR
Log In

Show Comments

Extras

Top Quizzes Today


Score Distribution

Your Account Isn't Verified!

In order to create a playlist on Sporcle, you need to verify the email address you used during registration. Go to your Sporcle Settings to finish the process.

Report this User

Report this user for behavior that violates our Community Guidelines.

Details: